|
|
|
|
| LEADER |
01289njm a2200337 a 4500 |
| 001 |
000818108 |
| 003 |
CZ BrMZK |
| 005 |
20201022175329.0 |
| 007 |
ss lsnjlcmpnze |
| 008 |
060411s2004 xr pp g cze d |
| 028 |
0 |
0 |
|a VM0132-4
|b Vaško Music
|
| 040 |
|
|
|a BOA001
|b cze
|
| 048 |
|
|
|a od
|b vu
|
| 072 |
|
7 |
|a 784
|x Vokální hudba
|2 Konspekt
|9 9
|
| 080 |
|
|
|a 784.4
|2 MRF
|
| 080 |
|
|
|a (086.7)
|2 MRF
|
| 100 |
1 |
|
|a Linková, Michaela,
|d 1963-
|7 xx0004301
|4 sng
|
| 245 |
1 |
0 |
|a Šílím
|h [zvukový záznam]
|
| 260 |
|
|
|a Praha:
|b Vaško Music,
|c c2004
|
| 300 |
|
|
|a 1 zvuková kazeta (38:00) :
|b analog, stereo, Dolby system +
|e 1 leták (10 x 21 cm)
|
| 306 |
|
|
|a 003800
|
| 505 |
0 |
0 |
|t Happy day --
|t Sex --
|t Zedník Pepa --
|t Co ty vůbec víš --
|t Bomba --
|t Šílím --
|t Komu se to nelíbí --
|t Hej pane policajt --
|t Divoký kočky --
|t Bílý měsíc
|
| 511 |
0 |
|
|a Zpívají: Michaela Linková, Tanja
|
| 530 |
|
|
|a Vydáno také na kompaktní desce ;
|d VM 0132-2
|
| 650 |
0 |
7 |
|a populární písně
|7 ph124354
|y 2001-2010
|2 czenas
|
| 655 |
|
7 |
|a zvukové kazety
|7 fd186720
|2 czenas
|
| 700 |
0 |
|
|a Tanja,
|d 1963-
|7 xx0119458
|4 sng
|
| 910 |
|
|
|a BOA001
|b KZ-0013.127
|
| 990 |
|
|
|a AV
|
| 991 |
|
|
|b 200606
|
| 996 |
6 |
|
|b 261H014473
|c KZ-0013.127
|l MZK
|r Sklad / do 24 hodin
|n 0
|w 000818108
|u 000010
|a 1
|e BOA001
|j MZK50
|s P
|